| 000 | 02368nam a2200349 a 4500 | ||
|---|---|---|---|
| 001 | ebr10676731 | ||
| 003 | CaPaEBR | ||
| 006 | m u | ||
| 007 | cr cn||||||||| | ||
| 008 | 090807s2009 nyua sb 001 0 eng d | ||
| 010 | _z 2009032470 | ||
| 020 | _z9781608764532 (hardcover) | ||
| 020 | _z1608764532 (hardcover) | ||
| 020 | _z9781616684204 (e-book) | ||
| 040 |
_aCaPaEBR _cCaPaEBR |
||
| 035 | _a(OCoLC)608691485 | ||
| 050 | 1 | 4 |
_aRA778.4.A36 _bB53 2009eb |
| 082 | 0 | 4 |
_a613.089/96073 _222 |
| 245 | 0 | 0 |
_aBlack women's health _h[electronic resource] : _bchallenges and opportunities / _cYvonne Wesley, editor. |
| 260 |
_aNew York : _bNova Science Publishers, _cc2009. |
||
| 300 |
_axi, 279 p. : _bill. |
||
| 504 | _aIncludes bibliographical references and index. | ||
| 505 | 0 | _aInequities in health care and African-American women : intersectional applications of research and policy / Laurie Nsiah-Jefferson -- Genetics and the health of African American women : finding the cure for disease and the cure for social ills / Deborah Cohen -- Issues affecting health care of African American women with disabilities / Suzanne C. Smeltzer -- When I come to the end of my journey : correlates of morale in the elderly African-American female / Gloria Boseman -- Improving the health of African American women / Maisha Amen and Basirah Taha -- Perceptions of personal health of contemporary black women / Minnie Campbell -- Postpartum depression and African-American women : the cultural context / Valera A. Hascup -- Black women, stress and pregnancy / Yvonne Wesley -- Older adults : quality of life issues derived from late onset blindness / Estelle A. Pisani -- Relationships among pet attachment support and human health outcomes in women of color / Cheryl A. Krause-Parello. | |
| 533 |
_aElectronic reproduction. _bPalo Alto, Calif. : _cebrary, _d2013. _nAvailable via World Wide Web. _nAccess may be limited to ebrary affiliated libraries. |
||
| 650 | 0 |
_aAfrican American women _xHealth and hygiene. |
|
| 650 | 0 |
_aMinorities _xHealth and hygiene. |
|
| 650 | 0 |
_aAfrican American women _xDiseases _xRisk factors. |
|
| 655 | 7 |
_aElectronic books. _2local |
|
| 700 | 1 | _aWesley, Yvonne. | |
| 710 | 2 | _aebrary, Inc. | |
| 856 | 4 | 0 |
_uhttp://site.ebrary.com/lib/rucke/Doc?id=10676731 _zAn electronic book accessible through the World Wide Web; click to view |
| 999 |
_c166473 _d166473 |
||